| 000 | 00794nam a22002777a 4500 | ||
|---|---|---|---|
| 003 | CHAP | ||
| 005 | 20220329135057.0 | ||
| 008 | 971013s1980 r 00010 d | ||
| 010 | _a30569 | ||
| 011 | _a31541 | ||
| 035 | _a35653 | ||
| 040 | _cCHAP | ||
| 082 |
_a634.9 _bN3 1980 |
||
| 110 |
_aNational Arborist Association, Inc. _980306 |
||
| 245 | _aProfessional home study program for arborists | ||
| 250 | _aed. rev. | ||
| 260 |
_aWantagh, N. Y. : _bNAA, _c1980 |
||
| 300 | _apág. varía. | ||
| 590 |
_aBATCH-UPD _b10 _c20130110 _lUCH01 _h2013 |
||
| 590 |
_aCONVERSION _b10 _c20130109 _lUCH01 _h1317 |
||
| 650 | 1 | 4 |
_aArboricultura. _96699 |
| 700 | 0 |
_aRyan, H. Dennis P. _9101024 |
|
| 901 | _aBK | ||
| 942 | _cLIBRO | ||
| 949 |
_a634.9 N3 1980 _bBC _cLIBRO _d-82509 _eLIBRO _h56582 _i35653 _si |
||
| 999 |
_c30569 _d30569 |
||